书目信息 |
| 题名: |
光性矿物学简明教程
|
|
| 作者: | 赖志云 , 高洁 , 吴康军 编著 | |
| 分册: | ||
| 出版信息: | 北京 石油工业出版社 2013.08 |
|
| 页数: | 278页 | |
| 开本: | 26cm | |
| 丛书名: | ||
| 单 册: | ||
| 中图分类: | P57 | |
| 科图分类: | ||
| 主题词: | 光性矿物学--guang xing kuang wu xue--高等学校--教材 , 光性矿物学--guang xing kuang wu xue | |
| 电子资源: | ||
| ISBN: | 978-7-5021-9490-1 | |
| 000 | 01218nam0 2200289 450 | |
| 001 | 0109110239 | |
| 005 | 20201109110340.0 | |
| 010 | @a978-7-5021-9490-1@dCNY39.00 | |
| 100 | @a20140429e20192013em y0chiy50 ea | |
| 101 | 0 | @achi |
| 102 | @aCN@b110000 | |
| 105 | @aa z 000yy | |
| 106 | @ar | |
| 200 | 1 | @a光性矿物学简明教程@Aguang xing kuang wu xue jian ming jiao cheng@f赖志云, 高洁, 吴康军编著 |
| 210 | @a北京@c石油工业出版社@d2013.08@h2019.08 | |
| 215 | @a278页@c图@d26cm@e1光盘 | |
| 300 | @a石油高等院校特色教材石油教材出版基金资助项目 | |
| 307 | @a附光盘:ISBN 978-7-89452-559-8 | |
| 330 | @a本书包含晶体光学和光性矿物各论两部分。在晶体光学部分,首先详细介绍了晶体光学基础、偏光显微镜的使用,然后系统阐述了单偏光系统、正交偏光系统、聚敛偏光系统下晶体的光学性质。在光性矿物各论部分,详细介绍了100种矿物的化学组成、结晶特点、光性特征等性质。 | |
| 606 | 0 | @a光性矿物学@Aguang xing kuang wu xue@x高等学校@j教材 |
| 606 | 0 | @a光性矿物学@Aguang xing kuang wu xue |
| 690 | @aP57@v5 | |
| 701 | 0 | @a赖志云@Alai zhi yun@f(1930.11~)@4编著 |
| 701 | 0 | @a高洁@Agao jie@c(地球科学)@4编著 |
| 701 | 0 | @a吴康军@Awu kang jun@c(地球科学)@4编著 |
| 801 | 0 | @aCN@bBJSZM@c20201103 |
| 905 | @b1241727-30@dP57@e163@f4 | |
| 光性矿物学简明教程/赖志云, 高洁, 吴康军编著.-北京:石油工业出版社,2013.08(2019.08) |
| 278页:图;26cm+1光盘 |
| 石油高等院校特色教材石油教材出版基金资助项目 |
| ISBN 978-7-5021-9490-1:CNY39.00 |
| 本书包含晶体光学和光性矿物各论两部分。在晶体光学部分,首先详细介绍了晶体光学基础、偏光显微镜的使用,然后系统阐述了单偏光系统、正交偏光系统、聚敛偏光系统下晶体的光学性质。在光性矿物各论部分,详细介绍了100种矿物的化学组成、结晶特点、光性特征等性质。 |
| ● |
| 相关链接 |
|
|
|
|
正题名:光性矿物学简明教程
索取号:P57/163
 
预约/预借
| 序号 | 登录号 | 条形码 | 馆藏地/架位号 | 状态 | 备注 |
| 1 | 1241727 | 212417277 | 第二样本阅览室/ [索取号:P57/163] | 在馆 | |
| 2 | 1241728 | 212417286 | 第三借阅区/ [索取号:P57/163] | 在馆 | |
| 3 | 1241729 | 212417295 | 第三借阅区/ [索取号:P57/163] | 在馆 | |
| 4 | 1241730 | 212417302 | 第三借阅区/ [索取号:P57/163] | 在馆 |